V de Vendetta.

Guardat en:
Dades bibliogràfiques
Autor principal: Moore, Alan (autor)
Altres autors: Lloyd, David (autor, color), Whitaker, Steve (color), Dodds, Siobhan (color), Giménez, María José (traducción), San Rafael, Fran (traducción)
Format: Llibre
Publicat: Barcelona, España: Planeta DeAgostini, 2010.
Edició:Edición absolute
Col·lecció:Vértigo.
Matèries:
Etiquetes: Afegir etiqueta
Sense etiquetes, Sigues el primer a etiquetar aquest registre!

MARC

LEADER 00000nam a22000007a 4500
003 CL-VaPUC
005 20250407202501.0
008 250324t2010 ||||| |||| 00| 0 eng d
999 |c 447620  |d 447618 
020 |a 978-84-674-9418-1 
040 |c Pontificia Universidad Católica de Valparaíso 
082 |a 741.5 MOO 2010 
100 |9 883184  |a Moore, Alan   |e autor 
245 |a V de Vendetta. 
250 |a Edición absolute 
260 |a Barcelona, España:  |b Planeta DeAgostini,  |c 2010. 
300 |a 398 páginas:  |b ilustraciones. 
490 |a Vértigo. 
500 |a c.1. Instituto Arcos. 
505 |a Libro uno: "Europa después del Reinado" V for Vendetta núms. 1 a 3 EE.UU. Libro dos: "El Cabaret del Vicio" V for Vendetta núms. 4 a 7 EE.UU. Interludio: V for Vendetta núm. 7 EE.UU. Libro tres: " La Tierra de Haz lo que Quieras" V for Vendetta núms. 8 a 10 EE.UU. 
583 |c 20250324  |k Gabriela Rodríguez Cuevas 
650 0 |9 561356  |a Novela gráfica  |x Anarquismo  |z Inglaterra 
650 0 |9 369534  |a Cómics  |x Guerra nuclear 
700 |9 883684  |a Lloyd, David   |e autor  |e color 
700 |9 897466  |a Whitaker, Steve  |e color 
700 |9 897468  |a Dodds, Siobhan  |e color 
700 |9 897470  |a Giménez, María José  |e traducción 
700 |9 897471  |a San Rafael, Fran  |e traducción 
942 |2 ddc  |c BK  |n 0 
952 |0 0  |1 0  |2 ddc  |4 0  |6 741_500000000000000_MOO_2010  |7 0  |8 A  |9 601836  |a BIBINC  |b BIBINC  |d 2025-03-24  |e Instituto Arcos  |i 5666711  |l 1  |o 741.5 MOO 2010  |p 5666711  |r 2025-04-07  |s 2025-04-04  |t 1  |w 2025-03-24  |y BK  |k IFP